Представление документа в формате RUSMARC

ПолеНазваниеЗначение
  Тип записи i
  Библиографический уровень m
001 Контрольный номер RU/IS/BASE/479573869
005 Дата корректировки 20240410121222.6
010 Индекс ISBN __
a ISBN 978-5-9677-1636-2 (в кор.)
d Цена 204-75
100 Данные общей обработки __
a Данные общей обработки 19150313d2011||||||| 0rusy0189 ca
101 Язык документа 0_
a Язык текста rus
102 Страна публикации __
a Страна публикации ru|
105 Кодированные данные (монография) __
a Кодированные данные (монография) nn|||||||||zy
127 Кодированные данные (звукозаписи-физические характеристики) __
a Продолжительность проигрывания 01 ч 58 мин
200 Заглавие и сведения об ответственности 1_
a Заглавие Притчи
e Сведения, относящиеся к заглавию [6+]
f Первые сведения об ответственности Л. Н. Толстой ; [текст читает Илья Бобылев]
b Общее обозначение материала Звукозапись
210 Выходные данные 1_
a Место издания Москва
c Издательство 1С-Паблишинг
c Издательство Дистрибутор
d Дата издания 2011
215 Физическое описание __
a Объем 1 электрон. опт. диск (Audio CD)
c Иллюстрации/тип воспроизводства mp3, stereo
d Формат 12х14 см
225 Серия 2_
a Серия 1С: Аудиокниги
225 Серия 2_
a Серия Классика
230 Специфическая характеристика материала: электронные ресурсы __
a Обозначение и объем ресурса Электронные звуковые данные
323 Примечание о главных создателях, исполнителях, участниках __
a Примечание о главных создателях, исполнителях, участниках Бобылев, И. (читает)
327 Примечание о содержании 0_
a Примечание о содержании Ассирийский царь Асархадон
327 Примечание о содержании 0_
a Примечание о содержании Волк
327 Примечание о содержании 0_
a Примечание о содержании Карма
327 Примечание о содержании 0_
a Примечание о содержании Два брата и золото
327 Примечание о содержании 0_
a Примечание о содержании Кающийся грешник
327 Примечание о содержании 0_
a Примечание о содержании Три притчи
327 Примечание о содержании 0_
a Примечание о содержании Три старца
327 Примечание о содержании 0_
a Примечание о содержании Три сына
330 Аннотация __
a Аннотация Слушателям предлагаются притчи гениального русского писателя, классика мировой литературы Льва Николаевича Толстого. Написанные на сюжеты библейских историй, а также по мотивам иных сказаний, они имеют ярко выраженный поучительный характер и предназначены как для детей, так и для взрослых. На диске представлены аудиоверсии тех притч, которые включены в программу общеобразовательной школы по литературе.
333 Примечание о целевом назначении __
a Примечание о целевом назначении 6+. Для детей старше шести лет
337 Примечание о системных требованиях (электронные ресурсы) __
a Примечание о системных требованиях (электронные ресурсы) Системные требования: ПК: MS Windows ; Pentium 100 ; RAM 16 Мб ; монитор SVGA, 800x600 ; устройство чтения CD/DVD-ROM ; зв. карта ; колонки или наушники ; мышь ; аудиосистемы с поддержкой формата MP3: музыкальный центр ; CD/DVD-плеер и др.
517 Другие варианты заглавия 1_
a Другие варианты заглавия Ассирийский царь Асархадон
517 Другие варианты заглавия 1_
a Другие варианты заглавия Волк
517 Другие варианты заглавия 1_
a Другие варианты заглавия Карма
517 Другие варианты заглавия 1_
a Другие варианты заглавия Два брата и золото
517 Другие варианты заглавия 1_
a Другие варианты заглавия Кающийся грешник
517 Другие варианты заглавия 1_
a Другие варианты заглавия Три притчи
517 Другие варианты заглавия 1_
a Другие варианты заглавия Три старца
517 Другие варианты заглавия 1_
a Другие варианты заглавия Три сына
606 Тематические рубрики __
a Основная рубрика Художественная литература
606 Тематические рубрики __
a Основная рубрика Русская литература XIX в. (произведения)
610 Ключевые слова 0_
a Ключевые слова детская литература
a Ключевые слова поучительные рассказы
a Ключевые слова притчи
a Ключевые слова рассказы
a Ключевые слова тема библейских сюжетов
686 Индексы других классификаций __
2 Код системы rubbks
a Классификационный индекс ст84(2Рос=Рус)1-4я0
700 Автор _1
a Фамилия Толстой
b Имя Л. Н.
f Даты 1828-1910
g Полное личное имя Лев Николаевич
4 Код отношения 070
801 Источник записи _0
a Страна ru
b Организация Муниципальное бюджетное учреждение культуры "Централизованная библиотечная система" г. Сургут (Центральная городская библиотека им. А. С. Пушкина)
c Дата составления 20150313
g Правила каталогизации КиК/Лукашук
801 Источник записи _1
a Страна ru
b Организация Муниципальное бюджетное учреждение культуры "Централизованная библиотечная система" г. Сургут (Центральная городская библиотека им. А. С. Пушкина)
c Дата составления 20150313
g Правила каталогизации КиК/Лукашук
852 Данные о местонахождении __
j Шифр хранения ст84(2Рос=Рус)1-4я0
i Авторский знак Т 52
901 Тип документа 1_
t Тип документа 0
903 Характеристики (МАРС) __
a Дата передачи 20150313
969 Тип издания __
a Тип издания аудиокнига; издание для слепых; сборник
990 Данные о заказе (DOS) __
j Количество экземпляров (DOS) 6
t N записи в КСУ для И/У (DOS) 201503